La opinión pública (Record no. 105661)

MARC details
000 -LEADER
campo de control de longitud fija 00706nam a2200217 i 4500
001 - NÚMERO DE CONTROL
campo de control 105661
003 - IDENTIFICADOR DE NÚMERO DE CONTROL
campo de control ES-MaACL
005 - FECHA Y HORA DE LA ÚLTIMA TRANSACCIÓN
campo de control 20230906183937.0
007 - CAMPO FIJO DE DESCRIPCIÓN FÍSICA--INFORMACIÓN GENERAL
campo de control de longitud fija t|
008 - DATOS DE LONGITUD FIJA--INFORMACIÓN GENERAL
campo de control de longitud fija 060803s1958 ag ||||1| spa d
080 ## - NÚMERO DE LA CLASIFICACIÓN DECIMAL UNIVERSAL
Número de la Clasificación Decimal Universal 316.65
080 ## - NÚMERO DE LA CLASIFICACIÓN DECIMAL UNIVERSAL
Número de la Clasificación Decimal Universal 316.77:32
080 ## - NÚMERO DE LA CLASIFICACIÓN DECIMAL UNIVERSAL
Número de la Clasificación Decimal Universal 32:316.77
100 1# - ENTRADA PRINCIPAL--NOMBRE DE PERSONA
Nombre de persona Cossio, Carlos.
9 (RLIN) 41012
245 13 - MENCIÓN DEL TÍTULO
Título La opinión pública
Resto del título : I. Esencia ; II. El periodismo ; III. El cine, la radio y la televisión /
Mención de responsabilidad, etc. Carlos Cossio.
260 ## - PUBLICACIÓN, DISTRIBUCIÓN, ETC.
Lugar de publicación, distribución, etc. Buenos Aires :
Nombre del editor, distribuidor, etc. Losada,
Fecha de publicación, distribución, etc. [1958]
300 ## - DESCRIPCIÓN FÍSICA
Extensión 158 p. ;
Dimensiones 20 cm.
650 14 - PUNTO DE ACCESO ADICIONAL DE MATERIA--TÉRMINO DE MATERIA
Término de materia o nombre geográfico como elemento de entrada Opinión pública.
9 (RLIN) 15720
650 14 - PUNTO DE ACCESO ADICIONAL DE MATERIA--TÉRMINO DE MATERIA
Término de materia o nombre geográfico como elemento de entrada Medios de comunicación social-
Subdivisión general Aspectos políticos.
9 (RLIN) 14964
852 ## - LOCALIZACIÓN
Ubicación ES-MaACL
Número de control de estantería AND-477
Nota libre - Biblioteca Juan Andrade
Holdings
Estatus retirado Estado de pérdida Estado de daño No para préstamo Biblioteca de origen Biblioteca actual Ubicación en estantería Fecha de adquisición Fuente de adquisición Total de préstamos Signatura topográfica completa Código de barras Visto por última vez Precio de reemplazo Tipo de ítem Koha
        Biblioteca del Ateneo de Madrid Biblioteca del Ateneo de Madrid Depósito 2 17/01/2008     AND-477 1110313 23/02/2023 23/02/2023 Libro impreso